| 000 | 00515nam a22001817a 4500 | ||
|---|---|---|---|
| 999 |
_c190121 _d190121 |
||
| 005 | 20220718165324.0 | ||
| 010 | _aENG-133656 | ||
| 020 |
_a9789386303554 _c395.00 |
||
| 035 | _aEN-117188 | ||
| 037 | _bDBAD/PUB | ||
| 100 | _aKhan, Niyaz | ||
| 245 |
_aLove Demands Blood _cNiyaz Khan |
||
| 260 |
_aBhopal _bIndra Publishing House _c2018 |
||
| 270 |
_aE-5/21, Arera Colony, Habibganj Police Station Road _bBhopal _e462016 |
||
| 300 |
_a358p _c20cm(Pbk) |
||
| 700 | _aFrederick Engels | ||
| 942 |
_2ddc _cEN _hN _mKHA |
||